| 000 | 00788nam a22002537a 4500 | ||
|---|---|---|---|
| 999 |
_c8664 _d8664 |
||
| 001 | 22820 | ||
| 003 | BD-DhUAP | ||
| 005 | 20250818170545.0 | ||
| 008 | 250806b20172022ii a|||| |||| 001 0 eng d | ||
| 020 | _a9789332581180 | ||
| 040 |
_aBD-DhUAP _beng _cBD-DhUAP _dBD-DhUAP |
||
| 082 |
_223 _a519.5 LEV |
||
| 100 | _aLevin, Richard I. | ||
| 245 |
_aStatistics for management / _cRichard I. Levin and David S. Rubin. |
||
| 250 | _a8th ed. | ||
| 260 |
_aNew Delhi : _bPearson, _c2024. |
||
| 300 |
_axiv,985 pages : _billustrations ; _c26 cm. |
||
| 504 | _aIncludes bibliographical references and index. | ||
| 650 |
_aSocial sciences _xStatistical methods. |
||
| 650 | _aCommercial statistics. | ||
| 650 |
_aManagement _xStatistical methods. |
||
| 700 | _aRubin, David S. | ||
| 942 |
_2ddc _cBK |
||